Counsels on stewardship : (Record no. 9894)
[ view plain ]
| 000 -LEADER | |
|---|---|
| fixed length control field | 00917nam a2200265Ia 4500 |
| 001 - CONTROL NUMBER | |
| control field | 48804435 |
| 003 - CONTROL NUMBER IDENTIFIER | |
| control field | OCoLC |
| 005 - DATE AND TIME OF LATEST TRANSACTION | |
| control field | 20230719093813.0 |
| 008 - FIXED-LENGTH DATA ELEMENTS--GENERAL INFORMATION | |
| fixed length control field | 020117s2000 mdu 000 0 eng d |
| 020 ## - INTERNATIONAL STANDARD BOOK NUMBER | |
| International Standard Book Number | 9780828015707 (hard cover) |
| 040 ## - CATALOGING SOURCE | |
| Original cataloging agency | EXN |
| Transcribing agency | EXN |
| 049 ## - LOCAL HOLDINGS (OCLC) | |
| Holding library | EXNs |
| -- | EXNh |
| 050 ## - LIBRARY OF CONGRESS CALL NUMBER | |
| Classification number | BX6147 |
| Item number | .C81 2000 |
| 099 #9 - LOCAL FREE-TEXT CALL NUMBER (OCLC) | |
| Classification number | W |
| -- | 11 |
| -- | .C65 |
| -- | 2000 |
| 100 1# - MAIN ENTRY--PERSONAL NAME | |
| Personal name | White, Ellen Gould Harmon, |
| Dates associated with a name | 1827-1915. |
| 9 (RLIN) | 34834 |
| 245 10 - TITLE STATEMENT | |
| Title | Counsels on stewardship : |
| Remainder of title | a compilation / |
| Statement of responsibility, etc | from the writings of Ellen G. White. |
| 260 ## - PUBLICATION, DISTRIBUTION, ETC. (IMPRINT) | |
| Place of publication, distribution, etc | Hagerstown, MD : |
| Name of publisher, distributor, etc | Review and Herald Pub. Association, |
| Date of publication, distribution, etc | c2000? |
| 300 ## - PHYSICAL DESCRIPTION | |
| Extent | 372 p. ; |
| Dimensions | 21 cm. |
| 440 #0 - SERIES STATEMENT/ADDED ENTRY--TITLE | |
| Title | Christian home library. |
| 9 (RLIN) | 34835 |
| 504 ## - BIBLIOGRAPHY, ETC. NOTE | |
| Bibliography, etc | Includes bibliographical references and index. |
| 610 20 - SUBJECT ADDED ENTRY--CORPORATE NAME | |
| Corporate name or jurisdiction name as entry element | Seventh-day Adventists |
| General subdivision | Finance. |
| 9 (RLIN) | 34836 |
| 650 #0 - SUBJECT ADDED ENTRY--TOPICAL TERM | |
| Topical term or geographic name as entry element | Christian stewardship. |
| 9 (RLIN) | 34837 |
| 650 #0 - SUBJECT ADDED ENTRY--TOPICAL TERM | |
| Topical term or geographic name as entry element | Tithes. |
| 9 (RLIN) | 34838 |
| 942 ## - ADDED ENTRY ELEMENTS (KOHA) | |
| Source of classification or shelving scheme | Library of Congress Classification |
| Koha item type | Ellen G. White Estate Branch Office |
| Classification part | BX 6147 |
| Item part | .C81 2000 |
| Withdrawn status | Lost status | Source of classification or shelving scheme | Damaged status | Not for loan | Collection code | Home library | Current library | Shelving location | Date acquired | Serial Enumeration / chronology | Full call number | Date last seen | Copy number | Cost, replacement price | Price effective from | Koha item type |
|---|---|---|---|---|---|---|---|---|---|---|---|---|---|---|---|---|
| Library of Congress Classification | EGW Estate Branch Office | Judith Thomas Library | Judith Thomas Library | EGW Estate Branch Office | 07/05/2013 | 233 | BX 6147 .C81 2000 | 07/05/2013 | 1 | 16.99 | 07/05/2013 | Ellen G. White Estate Branch Office | ||||
| Library of Congress Classification | EGW Estate Branch Office | Judith Thomas Library | Judith Thomas Library | EGW Estate Branch Office | 07/05/2013 | 234 | BX 6147 .C81 2000 | 07/05/2013 | 2 | 16.99 | 07/05/2013 | Ellen G. White Estate Branch Office | ||||
| Library of Congress Classification | EGW Estate Branch Office | Judith Thomas Library | Judith Thomas Library | EGW Estate Branch Office | 07/05/2013 | 235 | BX 6147 .C81 2000 | 07/05/2013 | 3 | 16.99 | 07/05/2013 | Ellen G. White Estate Branch Office |